[Jujutsu Kaisen] Fléaux en images - Statistiques

Statistiques générales
  • Ce quiz a été pris 108 fois
  • Le résultat moyen est 5 sur 12
Statistiques - réponses
Par images Réponse % Correct
Jogo
100%
Mahito
94%
Hanami
91%
Rika Orimoto
87%
Dagon
73%
Kuro-Urushi
16%
Vieille Dame de la Variole
12%
Le Criquet
9%
Incarnation de Tamamo-no-Mae
8%
Tête de Mouche
6%
Dragon Irisé
5%
Femme à la bouche fendue
3%
Aucun quiz correspondant
Distribution des résultats
% des personnes avec chaque résultat
Percentile par nombre de réponses
Votre historique - résultats
Vous n’avez pas pris ce quiz